000 00503nam a2200193 a 4500
001 1764835984584
003 YourLibrary
005 20251204134438.0
008 251204s1998##################000#0#eng##
020 _a9781853175763
082 0 4 _a616.07995
_bCAP
100 1 _aCaputo, Ruggero,
_eauthor.
245 1 0 _aA Text Atlas of Histiocytic Syndromes :
260 _bCRC Press,
_c1998.
300 _a170 pages
650 0 _aMedical.
942 _cENGLISH
040 _aYourLibrary
_beng
_cYourLibrary
999 _c600048
_d600048